00563nam a22001937a 4500003000500000005001700005008004100022010001000063011001000073035001000083040000900093110006400102245006600166260004200232300002100274490002500295650002400320830002500344CHAP20220329134910.0971013s1966 mx r 00010 spa d a27741 a28713 a32820 cCHAP aINIA. México. Campo Agrícola Experimental Rosario Izapa1 aRecomendaciones para el cultivo del algodón en el Soconusco aMéxico, D.F. :bEl Instituto,c1966 aHoja desplegable 0aCircular CIASEv; 1414aAlgodónxChiapas.0 aCircular CIASEv; 14